000
00250nam a2200109Ia 4500
008
220204s9999 xx 000 0 und d
082
_a
82-3
_b
NAR
100
_a
Narayan, R K
245
0
_a
Next sunday
260
_a
New Delhi
_b
Orient
_c
1956
942
_c
BK
999
_c
30021
_d
30021